| 000 | 00994cam a22002291 4500 | ||
|---|---|---|---|
| 001 | gs 05001219 | ||
| 003 | DLC | ||
| 005 | 20260227111303.0 | ||
| 008 | 771018r1839uuuuctuabf 000 0 eng c | ||
| 010 | _ags 05001219 | ||
| 035 | _a(OCoLC)3349867 | ||
| 040 |
_aLibrary, U. S. Geol. survey _cTNJ _dDLC |
||
| 042 | _apremarc | ||
| 050 | 0 | 0 |
_aQE26 _b.B16 1839 |
| 100 | 1 |
_aBakewell, Robert, _d1768-1843. |
|
| 245 | 0 | 3 |
_aAn introduction to geology; _bintended to convey a practical knowledge of the science, and comprising the most important recent discoveries; with explanations of the facts and phenomena which serve to confirm or invalidate various geological theories. _cBy Robert Bakewell. |
| 250 |
_a3d American from the 5th London ed., _bed., with an appendix, by Prof. B. Silliman. |
||
| 260 |
_aNew Haven, _bB. & W. Noyes, _c1839. |
||
| 300 |
_axxxvi, 596 p. _bfront., illus., 8 pl. (part fold., incl. map) _c24 cm. |
||
| 650 | 0 | _aGeology. | |
| 700 | 1 |
_aSilliman, Benjamin, _d1779-1864, _eed. |
|
| 999 |
_c24365 _d24365 |
||